| 000 -LEADER |
| fixed length control field |
00793cam a2200241 a 4500 |
| 001 - CONTROL NUMBER |
| control field |
114555 |
| 003 - CONTROL NUMBER IDENTIFIER |
| control field |
OSt |
| 005 - DATE AND TIME OF LATEST TRANSACTION |
| control field |
20190807152348.0 |
| 008 - FIXED-LENGTH DATA ELEMENTS--GENERAL INFORMATION |
| fixed length control field |
010703s1999 enka b 001 0 eng d |
| 020 ## - INTERNATIONAL STANDARD BOOK NUMBER |
| International Standard Book Number |
9780714838885 |
| 040 ## - CATALOGING SOURCE |
| Original cataloging agency |
RVE |
| Transcribing agency |
RVE |
| Modifying agency |
JNC |
| -- |
CLU |
| -- |
NHU |
| 082 ## - DEWEY DECIMAL CLASSIFICATION NUMBER |
| Classification number |
709.049 LUC |
| 100 1# - MAIN ENTRY--PERSONAL NAME |
| Personal name |
Lucie-Smith, Edward. |
| Relator term |
author |
| 245 10 - TITLE STATEMENT |
| Title |
Artoday / |
| Statement of responsibility, etc. |
Edward Lucie-Smith. |
| 246 3# - VARYING FORM OF TITLE |
| Title proper/short title |
Art today. |
| 260 ## - PUBLICATION, DISTRIBUTION, ETC. |
| Place of publication, distribution, etc. |
London : |
| Name of publisher, distributor, etc. |
Phaidon, |
| Date of publication, distribution, etc. |
1999. |
| 300 ## - PHYSICAL DESCRIPTION |
| Extent |
511 p. : |
| Other physical details |
col. ill. ; |
| Dimensions |
29 cm. |
| 500 ## - GENERAL NOTE |
| General note |
"This is a completely new book, bearing no relation ... to the author's previous Art today."--p. [512]. |
| 504 ## - BIBLIOGRAPHY, ETC. NOTE |
| Bibliography, etc. note |
Includes Bibliography(p. 498-503.) and index. |
| 650 #0 - SUBJECT ADDED ENTRY--TOPICAL TERM |
| Topical term or geographic name entry element |
Art, Modern |
| Chronological subdivision |
20th century |
| General subdivision |
History. |
| 650 #0 - SUBJECT ADDED ENTRY--TOPICAL TERM |
| Topical term or geographic name entry element |
Art, Modern |
| Chronological subdivision |
20th century |
| General subdivision |
Themes, motives. |
| 942 ## - ADDED ENTRY ELEMENTS (KOHA) |
| Source of classification or shelving scheme |
|
| Koha item type |
Books - Non Ficton |